| 000 | 00729cab a2200229 4500 | ||
|---|---|---|---|
| 001 | WB3201-66 | ||
| 008 | 090401t1995 xxu||||| |||| 00| 0 eng d | ||
| 035 | _a(Sirsi) u12343 | ||
| 041 | _aeng | ||
| 245 | _aPublicity for fraud agency | ||
| 260 | _c1995 | ||
| 350 | _a0 | ||
| 490 |
_aFinancial Times _v20 December 1995, 9(1) |
||
| 520 | _aThe National Audit Office calls for the Intervention Board, the government agency responsible for administering CAP support schemes, to publicise its control and anti-fraud activities more. | ||
| 650 | _aAGRICULTURAL SUPPORT | ||
| 650 | _aCAP SUPPORT SCHEMES | ||
| 650 | _aFRAUD | ||
| 650 | _aINTERVENTION BOARD | ||
| 690 | _aRURAL PRACTICE | ||
| 942 | _n0 | ||
| 948 | _c04/03/1997 | ||
| 999 |
_c7892 _d7892 |
||